书目信息 |
| 题名: |
美丽潇湘·古韵卷
|
|
| 作者: | 周湘 主编 | |
| 分册: | ||
| 出版信息: | 长沙 湖南出版社 2013.11 |
|
| 页数: | 192页 | |
| 开本: | 20cm | |
| 丛书名: | ||
| 单 册: | ||
| 中图分类: | K928.706.4 | |
| 科图分类: | ||
| 主题词: | 地理--中国 | |
| 电子资源: | ||
| ISBN: | 7-5438-9969-8 | |
| 000 | 00581nam0 2200193 450 | |
| 001 | 2653469930 | |
| 005 | 20260408145325.33 | |
| 010 | @a7-5438-9969-8@dCNY48.00 | |
| 100 | @a20260408d2013 km y0chiy0120 ea | |
| 101 | 0 | @achi |
| 102 | @aCN@b430000 | |
| 200 | 1 | @a美丽潇湘·古韵卷@AMei Li Xiao Xiang·Gu Yun Juan@f周湘主编@FZhou Xiang Zhu Bian |
| 210 | @a长沙@c湖南出版社@d2013.11 | |
| 215 | @a192页@d20cm | |
| 606 | 0 | @a地理@x中国 |
| 690 | @aK928.706.4@v4 | |
| 701 | 0 | @a周湘@AZhou Xiang@4主编 |
| 801 | 0 | @aCN@b大连网信软件有限公司图书馆·11@c20260408 |
| 905 | @aZUCC@dK928.706.4@e1356 | |
| 美丽潇湘·古韵卷/周湘主编.-长沙:湖南出版社,2013.11 |
| 192页;20cm |
| ISBN 7-5438-9969-8:CNY48.00 |
| ● |
| 相关链接 |
|
|
|
|
正题名:美丽潇湘·古韵卷
索取号:K928.706.4/1356
 
预约/预借
| 序号 | 登录号 | 条形码 | 馆藏地/架位号 | 状态 | 备注 |
| 1 | 1442362 | 214423621 | 第二样本阅览室/ [索取号:K928.706.4/1356] | 在馆 |